[Event "AZE-ch Final 78th"]
[Site "Baku"]
[Date "2024.04.24"]
[Round "2.1"]
[White "Babazada, Khazar Araz"]
[Black "Rasulov, Vugar Ural Oglu"]
[Result "0-1"]
[WhiteElo "2474"]
[BlackElo "2551"]
[PlyCount "88"]
[EventDate "2024.04.21"]
[EventType "k.o."]
[EventRounds "2"]
[EventCountry "AZE"]
[SourceTitle "CB18_2024"]
[SourceDate "2024.05.01"]
[SourceVersion "1"]
[SourceVersionDate "2024.05.01"]
[SourceQuality "2"]

1. e4 e5 2. Nf3 Nc6 3. Bb5 a6 4. Ba4 Nf6 5. 0-0 Be7 6. d3 b5 7. Bb3 d6 8. a3 0-0 9. Nc3 Na5 10. Ba2 Be6 11. Nd5 Nxd5 12. Bxd5 Bxd5 13. exd5 f5 14. b4 Nb7 15. c4 Bf6 16. Bb2 Qd7 17. Rc1 bxc4 18. dxc4 a5 19. Ra1 Rfb8 20. Qc2 g6 21. Bc3 Qg7 22. Rfd1 axb4 23. axb4 Rxa1 24. Bxa1 Nd8 25. Qa4 Nf7 26. Bc3 Qf8 27. Qd7 Rd8 28. Qe6 Kg7 29. Ra1 Ra8 30. Ra5 Qb8 31. Nd2 Qd8 32. f4 Qb8 33. fxe5 Bxe5 34. Bxe5+ dxe5 35. Rxa8 Qxa8 36. Qe7 Qa1+ 37. Kf2 Qd1 38. Ke3 e4 39. Qh4 Qc2 40. Ke2 Qd3+ 41. Ke1 g5 42. Qh5 e3 43. Nf3 Qc3+ 44. Ke2 f4 0-1

[Event "AZE-ch Final 78th"]
[Site "Baku"]
[Date "2024.04.22"]
[Round "1.2"]
[White "Suleymanli, Aydin Elshan"]
[Black "Babazada, Khazar Araz"]
[Result "1-0"]
[WhiteElo "2607"]
[BlackElo "2474"]
[PlyCount "43"]
[EventDate "2024.04.21"]
[EventType "k.o."]
[EventRounds "2"]
[EventCountry "AZE"]
[SourceTitle "CB18_2024"]
[SourceDate "2024.05.01"]
[SourceVersion "1"]
[SourceVersionDate "2024.05.01"]
[SourceQuality "2"]

1. e4 c5 2. Nf3 Nc6 3. Bb5 e6 4. Bxc6 bxc6 5. d3 Qc7 6. Nbd2 e5 7. 0-0 f6 8. Nh4 Ne7 9. f4 exf4 10. Nc4 g5 11. Qh5+ Kd8 12. e5 fxe5 13. Qxg5 Rg8 14. Qxe5 Nd5 15. Qh5 d6 16. Bxf4 Be6 17. Bg3 Be7 18. Rae1 Qd7 19. Qh6 Nc7 20. Nf5 Rg6 21. Qxh7 Bxf5 22. Rxf5 1-0

[Event "AZE-ch Prelim 78th"]
[Site "Baku"]
[Date "2024.04.13"]
[Round "3"]
[White "Babazada, Khazar Araz"]
[Black "Samadov, Read"]
[Result "1/2-1/2"]
[WhiteElo "2474"]
[BlackElo "2502"]
[PlyCount "80"]
[EventDate "2024.04.11"]
[EventType "swiss"]
[EventRounds "9"]
[EventCountry "AZE"]
[SourceTitle "CB17_2024"]
[SourceDate "2024.04.24"]
[SourceVersion "1"]
[SourceVersionDate "2024.04.24"]
[SourceQuality "1"]

1. e4 c5 2. Nf3 d6 3. d4 cxd4 4. Nxd4 Nf6 5. Nc3 a6 6. Bg5 Nbd7 7. Bc4 Qb6 8. Bb3 e6 9. Qd2 Be7 10. 0-0-0 Nc5 11. Rhe1 Qc7 12. f4 h6 13. e5 dxe5 14. fxe5 hxg5 15. exf6 Bxf6 16. Nd5 Qd8 17. Bc4 0-0 18. Nxf6+ Qxf6 19. Qa5 b5 20. Bxb5 Nb7 21. Qa4 e5 22. Ne2 Be6 23. Bc6 Rab8 24. Nc3 Rfc8 25. Nd5 Bxd5 26. Bxd5 Nc5 27. Qa3 Ne6 28. Kb1 Qf2 29. Bb3 Qxg2 30. Rf1 Nd4 31. Bxf7+ Kh8 32. Bg6 e4 33. Rc1 Nf3 34. Ka1 Nh4 35. Qxa6 Nxg6 36. Qxg6 Rxc2 37. Qh5+ Kg8 38. Qf7+ Kh8 39. Qh5+ Kg8 40. Qf7+ Kh8 1/2-1/2

[Event "Titled Tuesday intern op 05th Sep Late"]
[Site "Chess.com INT"]
[Date "2023.09.05"]
[Round "4"]
[White "Babazada, Khazar Araz"]
[Black "Cheng, Xiao"]
[Result "1-0"]
[WhiteElo "2390"]
[BlackElo "2288"]
[PlyCount "175"]
[EventDate "2023.09.05"]
[EventType "swiss (blitz)"]
[EventRounds "11"]
[EventCountry "USA"]
[SourceTitle "EXT 2024"]
[Source "ChessBase"]
[SourceDate "2023.10.10"]
[SourceVersion "1"]
[SourceVersionDate "2023.10.10"]
[SourceQuality "1"]

1. d4 d5 2. c4 e6 3. Nc3 Nf6 4. cxd5 exd5 5. Bg5 Bb4 6. e3 c5 7. Nf3 Qa5 8. Bxf6 gxf6 9. Qd2 Nc6 10. Be2 Rg8 11. Kf1 c4 12. h4 Bf5 13. h5 0-0-0 14. Rh4 Rg7 15. Rf4 Be6 16. Rxf6 Be7 17. Rf4 Rdg8 18. g3 Bg4 19. Ne5 Be6 20. Rd1 f6 21. Nxc6 bxc6 22. e4 Rg5 23. exd5 cxd5 24. Qe3 Kd7 25. Bf3 Bd6 26. Re1 Bf5 27. Rxf5 Rxf5 28. Qe6+ Kc7 29. Qxf5 Rd8 30. Qxd5 Qb4 31. Qc6+ Kb8 32. a3 Qb6 33. Qxb6+ axb6 34. Nb5 Kc8 35. Re6 Bb8 36. Rxb6 Kd7 37. Rxf6 Ke7 38. Rh6 Kf7 39. Rxh7+ Kf6 40. Rb7 Kg5 41. Kg2 Rf8 42. d5 Be5 43. d6 Bxb2 44. d7 Bf6 45. Nd6 Bd8 46. Ne4+ Kf5 47. g4+ Ke5 48. Rb8 Kd4 49. Rc8 c3 50. Nxc3 Ke5 51. Ne4 Ke6 52. a4 Kxd7 53. Ra8 Rf4 54. h6 Bc7 55. h7 Be5 56. h8Q Bxh8 57. Rxh8 Ke6 58. Rh6+ Ke5 59. a5 Rf7 60. a6 Ra7 61. Nc5 Kf4 62. Bb7 Kg5 63. Rd6 Kxg4 64. f3+ Kf4 65. Kf2 Ke5 66. Ke3 Kxd6 67. Ne4+ Ke5 68. f4+ Kf5 69. Kf3 Ke6 70. Kg4 Ke7 71. f5 Kf7 72. Kg5 Kg7 73. f6+ Kf7 74. Kf5 Kf8 75. Kg6 Kg8 76. Ng5 Kf8 77. Nh7+ Ke8 78. f7+ Kd7 79. f8Q Kc7 80. Qc8+ Kb6 81. Qc6+ Ka5 82. Kf5 Kb4 83. Ke4 Ka5 84. Kd4 Kb4 85. Qb6+ Ka4 86. Kc3 Rxb7 87. axb7 Ka3 88. Qb3# 1-0

[Event "EU-ch U18 31st"]
[Site "Mamaia"]
[Date "2023.09.05"]
[Round "1"]
[White "Babazada, Khazar Araz"]
[Black "Petrek, Dominik"]
[Result "1-0"]
[WhiteElo "2463"]
[BlackElo "2189"]
[PlyCount "87"]
[EventDate "2023.09.05"]
[EventType "swiss"]
[EventRounds "9"]
[EventCountry "ROU"]
[SourceTitle "EXT 2024"]
[Source "ChessBase"]
[SourceDate "2023.10.10"]
[SourceVersion "1"]
[SourceVersionDate "2023.10.10"]
[SourceQuality "1"]

1. e4 e6 2. d4 d5 3. Nc3 Nf6 4. Bg5 Bb4 5. e5 h6 6. Bd2 Bxc3 7. bxc3 Ne4 8. Bc1 c5 9. Ne2 Qa5 10. f3 Ng5 11. Qd2 Qa4 12. h4 Nh7 13. dxc5 b6 14. Nd4 Ba6 15. Bxa6 Nxa6 16. cxb6 axb6 17. Rh3 0-0 18. Qf4 Qc4 19. Bd2 Nc5 20. Rg3 Kh8 21. Qg4 Rg8 22. Nb3 Qxg4 23. Rxg4 Nd7 24. Rb4 Nxe5 25. Rxb6 Ra4 26. Rb4 Rga8 27. Nc5 R4a5 28. Nd3 Nc4 29. a4 Nf6 30. Bf4 Nd7 31. Rab1 Kg8 32. Rb7 Nf6 33. Rb8+ Kh7 34. Rxa8 Rxa8 35. Rb7 Kg8 36. Rb8+ Rxb8 37. Bxb8 Kf8 38. Ne5 Ke8 39. Nxc4 dxc4 40. Be5 Kd7 41. Bxf6 gxf6 42. Kd2 f5 43. Ke3 e5 44. g4 1-0

[Event "Titled Tuesday intern op 29th Aug Late"]
[Site "Chess.com INT"]
[Date "2023.08.29"]
[Round "5"]
[White "Kaplan, Avi Harrison"]
[Black "Babazada, Khazar Araz"]
[Result "0-1"]
[WhiteElo "2090"]
[BlackElo "2390"]
[PlyCount "100"]
[EventDate "2023.08.29"]
[EventType "swiss (blitz)"]
[EventRounds "11"]
[EventCountry "USA"]
[SourceTitle "EXT 2024"]
[Source "ChessBase"]
[SourceDate "2023.10.10"]
[SourceVersion "1"]
[SourceVersionDate "2023.10.10"]
[SourceQuality "1"]

1. f4 e5 2. e4 exf4 3. Bc4 Qh4+ 4. Kf1 Nc6 5. d4 d6 6. Nf3 Qh5 7. Bxf4 Nf6 8. d5 Ne5 9. Bb5+ Bd7 10. Bxd7+ Nfxd7 11. Nc3 Nxf3 12. Qxf3 Qxf3+ 13. gxf3 0-0-0 14. Ke2 g6 15. h4 Bg7 16. h5 Rde8 17. h6 Bxc3 18. bxc3 f5 19. Rae1 fxe4 20. fxe4 Rxe4+ 21. Kf3 Ree8 22. Re6 Nc5 23. Rxe8+ Rxe8 24. Rf1 Rf8 25. Kg4 Nd7 26. c4 Ne5+ 27. Kg3 g5 28. Bxe5 Rxf1 29. Bg7 Rf4 30. c5 dxc5 31. a3 Kd7 32. Be5 Rh4 33. Bf6 Rxh6 34. Bxg5 Rg6 35. Kf4 Kd6 36. Bh4 Kxd5 37. Kf5 Rg2 38. Bd8 c6 39. Kf4 Rxc2 40. Kf3 c4 41. a4 c3 42. a5 Ra2 43. a6 Rxa6 44. Bh4 c2 45. Bf2 c1Q 46. Kg2 Ra3 47. Kh2 Qd2 48. Kg2 Ra2 49. Kh1 h5 50. Bg1 Qg2# 0-1

[Event "Titled Tuesday intern op 29th Aug Late"]
[Site "Chess.com INT"]
[Date "2023.08.29"]
[Round "2"]
[White "Saveliev, Alexei"]
[Black "Babazada, Khazar Araz"]
[Result "1-0"]
[WhiteElo "2366"]
[BlackElo "2390"]
[PlyCount "59"]
[EventDate "2023.08.29"]
[EventType "swiss (blitz)"]
[EventRounds "11"]
[EventCountry "USA"]
[SourceTitle "EXT 2024"]
[Source "ChessBase"]
[SourceDate "2023.10.10"]
[SourceVersion "1"]
[SourceVersionDate "2023.10.10"]
[SourceQuality "1"]

1. e4 e5 2. Nf3 Nf6 3. Nxe5 d6 4. Nf3 Nxe4 5. d3 Nf6 6. Bg5 Be7 7. d4 Bg4 8. h3 Bh5 9. Bd3 Nbd7 10. Nbd2 c6 11. 0-0 0-0 12. c4 Re8 13. Qc2 Bg6 14. Rfe1 Qc7 15. Nh4 Bf8 16. Nxg6 hxg6 17. Bf4 Qa5 18. Nf3 Rxe1+ 19. Nxe1 Re8 20. Nf3 d5 21. c5 b6 22. cxb6 Qxb6 23. Rc1 c5 24. Qa4 c4 25. Bc2 Qxb2 26. Rb1 Qc3 27. Bd2 Nb6 28. Bxc3 Nxa4 29. Bxa4 Re2 30. Rb8 1-0

[Event "Abu Dhabi op 29th"]
[Site "Abu Dhabi"]
[Date "2023.08.19"]
[Round "4"]
[White "Salem, AR Saleh"]
[Black "Babazada, Khazar Araz"]
[Result "1/2-1/2"]
[WhiteElo "2661"]
[BlackElo "2451"]
[PlyCount "106"]
[EventDate "2023.08.16"]
[EventType "swiss"]
[EventRounds "9"]
[EventCountry "UAE"]
[SourceTitle "EXT 2024"]
[Source "ChessBase"]
[SourceDate "2023.10.10"]
[SourceVersion "1"]
[SourceVersionDate "2023.10.10"]
[SourceQuality "1"]

1. d4 d5 2. c4 c6 3. Nf3 Nf6 4. e3 Bf5 5. Nc3 e6 6. Nh4 Be4 7. f3 Bg6 8. Qb3 Qc7 9. cxd5 cxd5 10. Bd2 Nc6 11. 0-0-0 Be7 12. Nxg6 hxg6 13. Kb1 a6 14. Rc1 Nd7 15. Bd3 Rc8 16. Ne2 b5 17. a4 bxa4 18. Qxa4 Nb6 19. Qxa6 Ra8 20. Qb5 Kd7 21. Qb3 Qa7 22. Bb5 Nc4 23. Rxc4 dxc4 24. Qxc4 Rhc8 25. d5 Ke8 26. Rc1 exd5 27. Qxd5 Kf8 28. Bxc6 Qa1+ 29. Kc2 Qa4+ 30. Kb1 Qa1+ 31. Kc2 Qa4+ 32. Kd3 Rd8 33. Bxa4 Rxd5+ 34. Nd4 Rxa4 35. Rb1 Rd8 36. Bc3 Rda8 37. b4 Ke8 38. Kc4 Ra2 39. Bb2 Bf6 40. Kb3 Bxd4 41. exd4 Kd7 42. Rc1 R2a6 43. Rc5 Re6 44. d5 Re3+ 45. Bc3 Ra1 46. Kc4 Rc1 47. Kd4 Re2 48. Ra5 Rxg2 49. Ra7+ Kc8 50. b5 Rxh2 51. Rxf7 Rh5 52. Rxg7 Rh4+ 53. Kd3 Rd1+ 1/2-1/2

[Event "Abu Dhabi op 29th"]
[Site "Abu Dhabi"]
[Date "2023.08.18"]
[Round "3"]
[White "Babazada, Khazar Araz"]
[Black "Narayanan, Sunilduth Lyna"]
[Result "1/2-1/2"]
[WhiteElo "2451"]
[BlackElo "2656"]
[PlyCount "76"]
[EventDate "2023.08.16"]
[EventType "swiss"]
[EventRounds "9"]
[EventCountry "UAE"]
[SourceTitle "EXT 2024"]
[Source "ChessBase"]
[SourceDate "2023.10.10"]
[SourceVersion "1"]
[SourceVersionDate "2023.10.10"]
[SourceQuality "1"]

1. e4 c5 2. Nf3 d6 3. d4 cxd4 4. Nxd4 Nf6 5. Nc3 Nc6 6. Bg5 e6 7. Qd2 a6 8. 0-0-0 Be7 9. f4 Bd7 10. Nf3 b5 11. e5 b4 12. exf6 bxc3 13. Qxc3 gxf6 14. Kb1 Rg8 15. Bh4 Rb8 16. a3 a5 17. h3 a4 18. g4 Qa5 19. Be1 Qxc3 20. Bxc3 h6 21. Ka1 e5 22. Bd3 h5 23. g5 fxg5 24. fxe5 d5 25. Bh7 Rf8 26. Rxd5 g4 27. hxg4 hxg4 28. Nd4 Nxd4 29. Rxd4 Bc5 30. Rc4 Rc8 31. Rd1 g3 32. Rxd7 Kxd7 33. Bf5+ Kc6 34. Rg4 Rcd8 35. Rxg3 Bd4 36. e6 fxe6 37. Bxe6 Rf2 38. Rd3 Bb6 1/2-1/2

[Event "TUR-chT"]
[Site "Ankara"]
[Date "2023.07.20"]
[Round "11.18"]
[White "Babazada, Khazar Araz"]
[Black "Celik, Hasan Huseyin"]
[Result "1/2-1/2"]
[WhiteElo "2460"]
[BlackElo "2405"]
[PlyCount "60"]
[EventDate "2023.07.10"]
[EventType "team-tourn"]
[EventRounds "11"]
[EventCountry "TUR"]
[SourceTitle "EXT 2024"]
[Source "ChessBase"]
[SourceDate "2023.10.10"]
[SourceVersion "1"]
[SourceVersionDate "2023.10.10"]
[SourceQuality "1"]
[WhiteTeam "Bursa Buyuksehir"]
[BlackTeam "Burhaniye"]
[WhiteTeamCountry "TUR"]
[BlackTeamCountry "TUN"]

1. e4 e6 2. d4 d5 3. Nc3 Bb4 4. e5 c5 5. Bd2 Ne7 6. Nb5 Bxd2+ 7. Qxd2 0-0 8. f4 cxd4 9. Nf3 Nec6 10. Bd3 f6 11. exf6 Rxf6 12. 0-0 Qb6 13. Kh1 Bd7 14. Nbxd4 Nxd4 15. Nxd4 Nc6 16. Nf3 Raf8 17. c4 h6 18. cxd5 exd5 19. Bc2 Qa5 20. Qxa5 Nxa5 21. Ne5 Bb5 22. Rfd1 Rxf4 23. Ng6 Rf1+ 24. Rxf1 Rxf1+ 25. Rxf1 Bxf1 26. Ne7+ Kf7 27. Nxd5 Bc4 28. Nc3 Nc6 29. b3 Be6 30. Bd1 Ke7 1/2-1/2

[Event "TUR-chT"]
[Site "Ankara"]
[Date "2023.07.19"]
[Round "10.30"]
[White "Yavuz, Efe Metehan"]
[Black "Babazada, Khazar Araz"]
[Result "0-1"]
[WhiteElo "2346"]
[BlackElo "2460"]
[PlyCount "62"]
[EventDate "2023.07.10"]
[EventType "team-tourn"]
[EventRounds "11"]
[EventCountry "TUR"]
[SourceTitle "EXT 2024"]
[Source "ChessBase"]
[SourceDate "2023.10.10"]
[SourceVersion "1"]
[SourceVersionDate "2023.10.10"]
[SourceQuality "1"]
[WhiteTeam "Rota Koleji Dernegi"]
[BlackTeam "Bursa Buyuksehir"]
[WhiteTeamCountry "TUR"]
[BlackTeamCountry "TUR"]

1. d4 Nf6 2. Bf4 g6 3. Nc3 d5 4. e3 Bg7 5. Nb5 Na6 6. Nc3 Nb8 7. Nb5 Na6 8. Nc3 0-0 9. Nf3 b6 10. Ne5 Bb7 11. h4 c5 12. Qf3 Nc7 13. h5 Ne6 14. hxg6 fxg6 15. dxc5 bxc5 16. 0-0-0 Nxf4 17. exf4 Qb6 18. g4 e6 19. Qh3 c4 20. Be2 Qd6 21. g5 Nh5 22. Bxh5 Rxf4 23. Bg4 Qxe5 24. Bxe6+ Kf8 25. Bxd5 Qxg5 26. Qe3 Re8 27. Qc5+ Re7 28. Kb1 Bxc3 29. Rxh7 Bg7 30. Qd6 Bxd5 31. Rxd5 Qxd5 0-1

[Event "TUR-chT"]
[Site "Ankara"]
[Date "2023.07.11"]
[Round "2.4"]
[White "Babazada, Khazar Araz"]
[Black "Murzin, Volodar"]
[Result "1/2-1/2"]
[WhiteElo "2460"]
[BlackElo "2623"]
[PlyCount "42"]
[EventDate "2023.07.10"]
[EventType "team-tourn"]
[EventRounds "11"]
[EventCountry "TUR"]
[SourceTitle "EXT 2024"]
[Source "ChessBase"]
[SourceDate "2023.10.10"]
[SourceVersion "1"]
[SourceVersionDate "2023.10.10"]
[SourceQuality "1"]
[WhiteTeam "Bursa Buyuksehir"]
[BlackTeam "Bayegan Pendik"]
[WhiteTeamCountry "TUR"]
[BlackTeamCountry "TUR"]

1. e4 e6 2. d4 d5 3. Nc3 Nf6 4. e5 Nfd7 5. f4 c5 6. Nf3 Nc6 7. Be3 cxd4 8. Nxd4 Qb6 9. Qd2 Qxb2 10. Rb1 Qa3 11. Bb5 Nxd4 12. Bxd4 a6 13. Bxd7+ Bxd7 14. Rb3 Qe7 15. Rxb7 Qd8 16. Bb6 Qc8 17. Rc7 Qd8 18. Rb7 Qc8 19. Rc7 Qd8 20. Rb7 Qc8 21. Rc7 Qd8 1/2-1/2

[Event "Titled Tuesday intern op 20th Jun Late"]
[Site "Chess.com INT"]
[Date "2023.06.20"]
[Round "11"]
[White "Babazada, Khazar Araz"]
[Black "Kamsky, Gata"]
[Result "1/2-1/2"]
[WhiteElo "2460"]
[BlackElo "2659"]
[PlyCount "135"]
[EventDate "2023.06.20"]
[EventType "swiss (blitz)"]
[EventRounds "11"]
[EventCountry "USA"]
[SourceTitle "EXT 2024"]
[Source "ChessBase"]
[SourceDate "2023.10.10"]
[SourceVersion "1"]
[SourceVersionDate "2023.10.10"]
[SourceQuality "1"]

1. e4 c5 2. Nf3 e6 3. d4 cxd4 4. Nxd4 Nc6 5. Nc3 Qc7 6. f4 a6 7. Nxc6 Qxc6 8. Bd3 b5 9. Qe2 Bb7 10. Bd2 Nf6 11. e5 Nd5 12. Ne4 Nb4 13. Bxb4 Bxb4+ 14. c3 Be7 15. 0-0 0-0 16. Rad1 Qb6+ 17. Kh1 Bxe4 18. Bxe4 Rad8 19. Rd3 g6 20. Rfd1 d6 21. exd6 Rxd6 22. Rxd6 Bxd6 23. Qf3 Rd8 24. g3 a5 25. Kg2 b4 26. cxb4 Bxb4 27. Rxd8+ Qxd8 28. Qd3 Qf6 29. Qc2 Qd4 30. Bf3 Bc5 31. Qc3 Qf2+ 32. Kh3 Bd4 33. Qxa5 Kg7 34. Qa8 Qxb2 35. a4 h5 36. a5 Bg1 37. Bg2 Qb5 38. Qe4 Qxa5 39. Bf3 Qd2 40. Be2 Bd4 41. Qd3 Qb2 42. Kg2 Qa1 43. Qe4 Qg1+ 44. Kh3 Bf6 45. Qf3 Qe1 46. Kg2 Qd2 47. Qd3 Qb2 48. Kh3 e5 49. fxe5 Bxe5 50. Qf3 Qd4 51. Bd1 Qd7+ 52. Kg2 Qd2+ 53. Qe2 Qd4 54. Qf3 h4 55. Bb3 Qd2+ 56. Kh3 f5 57. Qd5 Qxd5 58. Bxd5 hxg3 59. hxg3 Kf6 60. g4 fxg4+ 61. Kxg4 g5 62. Be4 Bf4 63. Bf5 Be5 64. Bb1 Bf4 65. Bc2 Be5 66. Bb1 Bf4 67. Bc2 Be5 68. Bb1 1/2-1/2

[Event "Titled Tuesday intern op 20th Jun Early"]
[Site "Chess.com INT"]
[Date "2023.06.20"]
[Round "3"]
[White "Babazada, Khazar Araz"]
[Black "Kuzmin, Roman"]
[Result "0-1"]
[WhiteElo "2460"]
[BlackElo "2172"]
[PlyCount "106"]
[EventDate "2023.06.20"]
[EventType "swiss (blitz)"]
[EventRounds "11"]
[EventCountry "USA"]
[SourceTitle "EXT 2024"]
[Source "ChessBase"]
[SourceDate "2023.10.10"]
[SourceVersion "1"]
[SourceVersionDate "2023.10.10"]
[SourceQuality "1"]

1. e4 c5 2. Nf3 d6 3. d4 cxd4 4. Nxd4 Nf6 5. Nc3 a6 6. Be2 e5 7. Nb3 Be7 8. g4 h6 9. h4 Nh7 10. g5 Nf8 11. gxh6 gxh6 12. Nd5 Be6 13. Be3 Nbd7 14. Bg4 Bxd5 15. exd5 Bxh4 16. Qf3 Bg5 17. 0-0-0 Ng6 18. Nd2 Nh4 19. Qh3 Nf6 20. f4 exf4 21. Bd4 Qa5 22. Nc4 Qxa2 23. Rhe1+ Kf8 24. Nb6 f3+ 25. Re3 Re8 26. Rde1 f2 27. Rf1 Nxg4 28. Qxg4 Qa1+ 29. Kd2 Qxf1 30. Nd7+ Kg8 31. Nf6+ Kf8 32. Nd7+ Kg8 33. Nf6+ Kg7 34. Nxe8+ Kg6 35. Qe4+ f5 36. Qe6+ Kh5 37. Kc3 Bxe3 38. Nf6+ Kg6 39. Nh7+ Kh5 40. Nf6+ Kg6 41. Ne4+ Kh5 42. Ng3+ Kg4 43. Nxf1 Bxd4+ 44. Kxd4 Nf3+ 45. Ke3 Ng5 46. Qd7 Rf8 47. Kxf2 Rf7 48. Nh2+ Kh3 49. Qe6 Nxe6 50. dxe6 Re7 51. Nf3 Rxe6 52. Nd4 Re4 53. Nxf5 Rf4+ 0-1

[Event "Titled Tuesday intern op 20th Jun Early"]
[Site "Chess.com INT"]
[Date "2023.06.20"]
[Round "1"]
[White "Babazada, Khazar Araz"]
[Black "Stojanovski, Sandi"]
[Result "0-1"]
[WhiteElo "2460"]
[BlackElo "2179"]
[PlyCount "102"]
[EventDate "2023.06.20"]
[EventType "swiss (blitz)"]
[EventRounds "11"]
[EventCountry "USA"]
[SourceTitle "EXT 2024"]
[Source "ChessBase"]
[SourceDate "2023.10.10"]
[SourceVersion "1"]
[SourceVersionDate "2023.10.10"]
[SourceQuality "1"]

1. Nf3 Nf6 2. g3 b6 3. Bg2 Bb7 4. 0-0 c5 5. d3 d6 6. Nc3 g6 7. e4 Bg7 8. Bd2 0-0 9. a3 Nc6 10. Rb1 Qd7 11. b4 Rac8 12. Ne2 e5 13. c4 h6 14. Qc1 Kh7 15. Nh4 Nd4 16. Nxd4 cxd4 17. Qd1 b5 18. Qe2 bxc4 19. dxc4 Rc7 20. Rfc1 Rfc8 21. Bf1 Bxe4 22. Rb3 Ba8 23. Bg2 Bxg2 24. Nxg2 Qe6 25. Re1 Rxc4 26. Rbb1 Rc2 27. Qd1 Qa2 28. Re2 Nd5 29. Ne1 Nc3 30. Bxc3 Rxe2 31. Ra1 Qc4 32. Bd2 Rxd2 33. Qxd2 e4 34. Rd1 d3 35. Ng2 Qc2 36. Qe1 Qe2 37. Qxe2 dxe2 38. Re1 Rc3 39. Nf4 f5 40. Rxe2 Rxa3 41. Rc2 g5 42. Ne6 Be5 43. h4 g4 44. h5 Kg8 45. Rc7 Ra2 46. b5 Rb2 47. Rb7 d5 48. Rxa7 Rxb5 49. Nc7 Rb1+ 50. Kg2 Bxc7 51. Ra1 Rxa1 0-1

[Event "Titled Tuesday intern op 20th Jun Early"]
[Site "Chess.com INT"]
[Date "2023.06.20"]
[Round "2"]
[White "Makhmudov, Shukhrat"]
[Black "Babazada, Khazar Araz"]
[Result "0-1"]
[WhiteElo "2115"]
[BlackElo "2460"]
[PlyCount "60"]
[EventDate "2023.06.20"]
[EventType "swiss (blitz)"]
[EventRounds "11"]
[EventCountry "USA"]
[SourceTitle "EXT 2024"]
[Source "ChessBase"]
[SourceDate "2023.10.10"]
[SourceVersion "1"]
[SourceVersionDate "2023.10.10"]
[SourceQuality "1"]

1. e4 e5 2. Nf3 Nc6 3. Bb5 a6 4. Bxc6 dxc6 5. d4 exd4 6. Qxd4 Qxd4 7. Nxd4 Bd7 8. 0-0 0-0-0 9. Nc3 Nf6 10. Bg5 Be7 11. e5 Nd5 12. Bxe7 Nxe7 13. f4 c5 14. Nf3 h6 15. Ne4 b6 16. c4 Bc6 17. Rfe1 Nf5 18. Ng3 Nd4 19. Nxd4 Rxd4 20. f5 Rxc4 21. e6 fxe6 22. fxe6 Re8 23. Nf5 Rc2 24. e7 Rxg2+ 25. Kf1 Rg5 26. Ng3 h5 27. Re3 h4 28. Ne2 Rf5+ 29. Kg1 Rf7 30. Nf4 Rxf4 0-1

[Event "Titled Tuesday intern op 20th Jun Late"]
[Site "Chess.com INT"]
[Date "2023.06.20"]
[Round "6"]
[White "Schnaider, Ilan"]
[Black "Babazada, Khazar Araz"]
[Result "0-1"]
[WhiteElo "2224"]
[BlackElo "2460"]
[PlyCount "82"]
[EventDate "2023.06.20"]
[EventType "swiss (blitz)"]
[EventRounds "11"]
[EventCountry "USA"]
[SourceTitle "EXT 2024"]
[Source "ChessBase"]
[SourceDate "2023.10.10"]
[SourceVersion "1"]
[SourceVersionDate "2023.10.10"]
[SourceQuality "1"]

1. e4 e5 2. Nf3 Nc6 3. Bc4 Bc5 4. c3 Nf6 5. d3 d6 6. 0-0 h6 7. Re1 a6 8. a4 Ba7 9. Nbd2 0-0 10. h3 Re8 11. Nf1 Be6 12. Bxe6 Rxe6 13. Be3 d5 14. Bxa7 Rxa7 15. exd5 Nxd5 16. Ng3 Nf4 17. d4 exd4 18. cxd4 Rxe1+ 19. Qxe1 Ra8 20. Qe4 Nd5 21. Re1 Nf6 22. Qf4 Qd7 23. Nf5 Re8 24. Ne5 Nxe5 25. dxe5 Qd5 26. Qg3 Nh5 27. Qh4 g6 28. Ne7+ Rxe7 29. Qxe7 Nf4 30. f3 Qd2 31. Qd8+ Qxd8 32. g3 Qd2 33. gxf4 Qxe1+ 34. Kg2 h5 35. e6 fxe6 36. f5 h4 37. fxg6 Qg3+ 38. Kf1 Qxf3+ 39. Ke1 Qxh3 40. Kd1 Qg3 41. Kc2 h3 0-1

[Event "Titled Tuesday intern op 13th Jun Early"]
[Site "Chess.com INT"]
[Date "2023.06.13"]
[Round "6"]
[White "Babazada, Khazar Araz"]
[Black "Dubov, Daniil"]
[Result "0-1"]
[WhiteElo "2460"]
[BlackElo "2716"]
[PlyCount "50"]
[EventDate "2023.06.13"]
[EventType "swiss (blitz)"]
[EventRounds "11"]
[EventCountry "USA"]
[SourceTitle "EXT 2024"]
[Source "ChessBase"]
[SourceDate "2023.10.10"]
[SourceVersion "1"]
[SourceVersionDate "2023.10.10"]
[SourceQuality "1"]

1. e4 c5 2. Nf3 e6 3. d4 cxd4 4. Nxd4 a6 5. Bd3 Bc5 6. Nb3 Ba7 7. Nc3 Nc6 8. Qe2 Nge7 9. Be3 Bxe3 10. Qxe3 0-0 11. 0-0-0 b5 12. h4 e5 13. h5 h6 14. g4 f6 15. Nd5 d6 16. c4 Be6 17. Kb1 Kh8 18. c5 Nxd5 19. exd5 Bxd5 20. Be4 Bxb3 21. Bxc6 Bxd1 22. Rxd1 Rc8 23. Rxd6 Qc7 24. g5 fxg5 25. Qxe5 Rf6 0-1

[Event "Titled Tuesday intern op 13th Jun Early"]
[Site "Chess.com INT"]
[Date "2023.06.13"]
[Round "4"]
[White "Babazada, Khazar Araz"]
[Black "Dyachuk, Artem"]
[Result "1-0"]
[WhiteElo "2460"]
[BlackElo "2312"]
[PlyCount "105"]
[EventDate "2023.06.13"]
[EventType "swiss (blitz)"]
[EventRounds "11"]
[EventCountry "USA"]
[SourceTitle "EXT 2024"]
[Source "ChessBase"]
[SourceDate "2023.10.10"]
[SourceVersion "1"]
[SourceVersionDate "2023.10.10"]
[SourceQuality "1"]

1. Nf3 Nf6 2. d4 e6 3. Bf4 c5 4. e3 b6 5. Nbd2 Bb7 6. c3 Nc6 7. Bd3 Be7 8. h4 d6 9. h5 h6 10. Qe2 Qc7 11. 0-0-0 cxd4 12. exd4 Nd5 13. Bg3 0-0-0 14. Kb1 Kb8 15. Rhe1 Rhe8 16. Nc4 Bf6 17. Ne3 Nxe3 18. fxe3 e5 19. Bb5 Rf8 20. Nd2 Ne7 21. e4 Nc6 22. d5 Ne7 23. a4 Bg5 24. Bf2 f5 25. exf5 Nxd5 26. g3 Nxc3+ 27. bxc3 Qxc3 28. Nc4 Rc8 29. Nxd6 Bf3 30. Qb2 Bxd1 31. Rxd1 Qf3 32. Rd3 Qh1+ 33. Ka2 Rcd8 34. a5 e4 35. axb6 exd3 36. bxa7+ Ka8 37. Nc4 Qd5 38. Qb3 Qxf5 39. Nb6+ Kxa7 40. Qa4+ Kb8 41. Qa8+ Kc7 42. Qc6+ Kb8 43. Qa8+ Kc7 44. Qa7+ Kd6 45. Nc4+ Ke6 46. Bc5 Qf3 47. Qb6+ Kf5 48. Qg6+ Kg4 49. Ne5+ Kh3 50. Nxf3 Rxf3 51. Qe6+ Kg2 52. Bc6 d2 53. Qe2+ 1-0